| 000 | 01306nam0a22003011 4500 | ||
|---|---|---|---|
| 001 | rc\4115581 | ||
| 005 | 20250611095521.0 | ||
| 021 |
_aRU _b[57-1702] |
||
| 035 | _a(NLR Aleph) 008148620 | ||
| 090 |
_a7774262 _c7774262 |
||
| 100 | _a20130415d1956 |||y0rusy50 ca | ||
| 101 | 0 | _arus | |
| 102 | _aRU | ||
| 105 | _ay z ||||| | ||
| 200 | 1 |
_aТехнология производства ферровольфрама _fИнж. Т.П. Хазанова (Ин-т ферросплавов ЦНИИЧМ) |
|
| 210 |
_a[Москва _cБ. и. _d1956] |
||
| 215 |
_a23 с. _cграф. _d20 |
||
| 225 | 1 | _aМинистерство черной металлургии СССР. Научно-техническое общество черной металлургии. Доклад на Всесоюзном совещании работников ферросплавной промышленности. Челябинск, 1956 г. | |
| 300 | _aБез тит. л. и обл. | ||
| 320 | _aБиблиогр.: с. 23 (13 назв.) | ||
| 333 | _aНа правах рукописи | ||
| 606 |
_aФерровольфрам _xПроизводство _2psbo |
||
| 700 | 1 |
_aХазанова _bТ.П. |
|
| 801 | 0 |
_aRU _bNLR _gpsbo |
|
| 801 | 1 |
_aRU _bELAR _2rusmarc |
|
| 852 |
_aNLR _j57-4/741 |
||
| 942 | _cBOOK | ||
| 980 | _aNB | ||